01012pam a2200241 a 450000500170000000800410001702000310005804000300008904100080011908200190012710000210014624501050016726001260027230000340039850000900043250400510052265000300057365000380060365000090064170000200065070000700067071000300074020200104041535.0840823t19841968dcua b 001 0 eng  a0915707136 (pbk.) :c$9.50 aDLCcDLCdDLCdCO-BoIAVH  aeng00a363.7394bK68m1 aKneese, Allen V.10aManaging water quality :beconomics, technology, institutions /cAllen V. Kneese and Blair T. Bower. aWashington, D.C. :bResources for the Future ;aBaltimore :bDistributed by Johns Hopkins University Press,c1984, c1968. axiv, 328 p. :bill. ;c23 cm. aRevision of: The economics of regional water quality management / by Allen V. Kneese. aIncludes bibliographical references and index. 0aWater quality management. 0aGestión de la calidad del agua. 0aAgua1 aBower, Blair T.1 aKneese, Allen V.tEconomics of regional water quality management.2 aResources for the Future.